[Event "AUT-chT District U18 Online Rapid"]
[Site "Playchess.com INT"]
[Date "2020.12.12"]
[Round "1"]
[White "Maier, Marco"]
[Black "Marakovits, Nico"]
[Result "0-1"]
[WhiteElo "1513"]
[BlackElo "1857"]
[PlyCount "66"]
[EventDate "2020.12.12"]
[EventType "team-swiss (rapid)"]
[EventRounds "9"]
[EventCountry "AUT"]
[SourceTitle "EXT 2022"]
[Source "ChessBase"]
[SourceDate "2021.10.06"]
[SourceVersion "1"]
[SourceVersionDate "2021.10.06"]
[SourceQuality "1"]

1. e4 c5 2. Nf3 e6 3. d4 cxd4 4. Nxd4 Nf6 5. Nc3 Nc6 6. Ndb5 Bb4 7. Nd6+ Ke7 8. Bf4 e5 9. Nf5+ Kf8 10. Bc4 exf4 11. a3 Bxc3+ 12. bxc3 d5 13. Bxd5 Nxd5 14. exd5 Bxf5 15. dxc6 Qxd1+ 16. Rxd1 bxc6 17. 0-0 g6 18. Rd6 Rc8 19. Rb1 Ke7 20. Rd2 Rhd8 21. Rb7+ Kf8 22. Rd4 c5 23. Rxd8+ Rxd8 24. Kf1 Rd7 25. Rb5 Rc7 26. Ke2 Bxc2 27. Kf3 g5 28. Kg4 h6 29. Kh5 Kg7 30. Ra5 Bd1+ 31. f3 Bc2 32. Ra6 Bg6+ 33. Kg4 f6 0-1

[Event "AUT-ch U14"]
[Site "St Kanzian"]
[Date "2018.05.20"]
[Round "3.11"]
[White "Schernthaner, David"]
[Black "Maier, Marco"]
[Result "1-0"]
[WhiteElo "1967"]
[BlackElo "1208"]
[PlyCount "43"]
[EventDate "2018.05.19"]
[EventType "swiss"]
[EventRounds "7"]
[EventCountry "AUT"]
[SourceTitle "EXT 2024"]
[Source "ChessBase"]
[SourceDate "2023.10.10"]
[SourceVersion "1"]
[SourceVersionDate "2023.10.10"]
[SourceQuality "1"]

1. e4 e5 2. Nf3 Nf6 3. Nxe5 d6 4. Nf3 Nxe4 5. c4 c5 6. Nc3 Nf6 7. d4 b6 8. dxc5 bxc5 9. Bg5 Qe7+ 10. Be2 h6 11. Nd5 Qb7 12. Bxf6 gxf6 13. Nxf6+ Kd8 14. 0-0 Qxb2 15. Rb1 Qxf6 16. Qd5 Qe7 17. Qxa8 Qxe2 18. Rxb8 Qe6 19. Re1 Qd7 20. Rxc8+ Qxc8 21. Re8+ Kxe8 22. Qxc8+ 1-0